<?xml version="1.0" encoding="UTF-8"?>
<collection xmlns="http://www.loc.gov/MARC21/slim">
 <record>
  <leader>00881nam a2200205 a 4500</leader>
  <controlfield tag="001">00025178</controlfield>
  <controlfield tag="008">120515s2011    bg            000 0 eng  </controlfield>
  <datafield tag="040" ind1=" " ind2=" ">
   <subfield code="a">BD-DhAAL</subfield>
   <subfield code="c">BD-DhAAL </subfield>
  </datafield>
  <datafield tag="043" ind1=" " ind2=" ">
   <subfield code="a">a-bg---</subfield>
  </datafield>
  <datafield tag="082" ind1="0" ind2="4">
   <subfield code="a">657.0218</subfield>
   <subfield code="2">22 </subfield>
  </datafield>
  <datafield tag="245" ind1="0" ind2="0">
   <subfield code="a">Bangladesh financial reporting standard (BFRS) for small and medium-sized entities (SMEs) :</subfield>
   <subfield code="b">BFRS for SMEs /</subfield>
   <subfield code="c">The Institute of Chartered Accountants of Bangladesh </subfield>
  </datafield>
  <datafield tag="246" ind1="3" ind2=" ">
   <subfield code="a">BFRS for SMEs</subfield>
  </datafield>
  <datafield tag="260" ind1=" " ind2=" ">
   <subfield code="a">Dhaka :</subfield>
   <subfield code="b">The Institute of Chartered Accountants of Bangladesh,</subfield>
   <subfield code="c">2011.</subfield>
  </datafield>
  <datafield tag="300" ind1=" " ind2=" ">
   <subfield code="a">362 p. ;</subfield>
   <subfield code="c">22 cm.</subfield>
  </datafield>
  <datafield tag="500" ind1=" " ind2=" ">
   <subfield code="a">	&quot;2011&quot;--Cover.</subfield>
  </datafield>
  <datafield tag="541" ind1=" " ind2=" ">
   <subfield code="e">00025178</subfield>
  </datafield>
  <datafield tag="650" ind1=" " ind2="0">
   <subfield code="a">Small business</subfield>
   <subfield code="x">Accounting</subfield>
   <subfield code="x">Standards.</subfield>
  </datafield>
  <datafield tag="852" ind1="1" ind2=" ">
   <subfield code="a">Ayesha Abed Library</subfield>
   <subfield code="c">General shelf.</subfield>
  </datafield>
  <datafield tag="999" ind1=" " ind2=" ">
   <subfield code="c">12178</subfield>
   <subfield code="d">12178</subfield>
  </datafield>
  <datafield tag="952" ind1=" " ind2=" ">
   <subfield code="0">0</subfield>
   <subfield code="1">0</subfield>
   <subfield code="2">ddc</subfield>
   <subfield code="4">0</subfield>
   <subfield code="6">657_021800000000000_BAN</subfield>
   <subfield code="7">0</subfield>
   <subfield code="9">20211</subfield>
   <subfield code="a">BRACUL</subfield>
   <subfield code="b">BRACUL</subfield>
   <subfield code="c">GEN</subfield>
   <subfield code="d">2012-05-19</subfield>
   <subfield code="l">1</subfield>
   <subfield code="o">657.0218 BAN</subfield>
   <subfield code="p">3010025178</subfield>
   <subfield code="r">2014-02-23</subfield>
   <subfield code="s">2014-02-19</subfield>
   <subfield code="t">1</subfield>
   <subfield code="w">2012-05-19</subfield>
   <subfield code="y">BK</subfield>
  </datafield>
 </record>
</collection>
